ARRUPE JESUIT UNIVERSITY

CORONAVIRUS -STOP THE SPREAD - CLEAN,DISINFECT,COVER

Elements of China : (Record no. 128910)

MARC details
000 -LEADER
fixed length control field 00967cam a2200277 a 4500
001 - CONTROL NUMBER
control field 14936134
003 - CONTROL NUMBER IDENTIFIER
control field ARRUPE
005 - DATE AND TIME OF LATEST TRANSACTION
control field 20190206105240.0
008 - FIXED-LENGTH DATA ELEMENTS--GENERAL INFORMATION
fixed length control field 070720s2002 cc a 000 0 eng d
010 ## - LIBRARY OF CONGRESS CONTROL NUMBER
LC control number 2007320482
020 ## - INTERNATIONAL STANDARD BOOK NUMBER
International Standard Book Number 7508500458
020 ## - INTERNATIONAL STANDARD BOOK NUMBER
International Standard Book Number 9787508500454
035 ## - SYSTEM CONTROL NUMBER
System control number (OCoLC)ocm52151621
040 ## - CATALOGING SOURCE
Original cataloging agency CPV
Transcribing agency CPV
Modifying agency OCLCQ
-- MUQ
-- DLC
042 ## - AUTHENTICATION CODE
Authentication code lccopycat
043 ## - GEOGRAPHIC AREA CODE
Geographic area code a-cc---
050 00 - LIBRARY OF CONGRESS CALL NUMBER
Classification number SPC. DS779.23
Item number .B73 2008
300 ## - PHYSICAL DESCRIPTION
Other physical details col. ill. ;
Dimensions 29 cm.
100 1# - MAIN ENTRY--PERSONAL NAME
Personal name Brahm, Laurence J.
9 (RLIN) 44417
245 10 - TITLE STATEMENT
Title Elements of China :
Remainder of title water, wood, fire, earth, gold /
Statement of responsibility, etc concept and narrative by Laurence J. Brahm.
260 ## - PUBLICATION, DISTRIBUTION, ETC. (IMPRINT)
Place of publication, distribution, etc Beijing:
Name of publisher, distributor, etc China Intercontinental Press,
Date of publication, distribution, etc 2008.
300 ## - PHYSICAL DESCRIPTION
Extent 203 p. :
651 #0 - SUBJECT ADDED ENTRY--GEOGRAPHIC NAME
Geographic name China
General subdivision Social life and customs
Chronological subdivision 2002
Form subdivision Pictorial works.
9 (RLIN) 44418
651 #0 - SUBJECT ADDED ENTRY--GEOGRAPHIC NAME
Geographic name China
General subdivision Pictorial works
9 (RLIN) 44419
906 ## - LOCAL DATA ELEMENT F, LDF (RLIN)
a 7
b cbc
c copycat
d 2
e ncip
f 20
g y-gencatlg
942 ## - ADDED ENTRY ELEMENTS (KOHA)
Source of classification or shelving scheme Library of Congress Classification
Koha item type SPC
Holdings
Withdrawn status Lost status Source of classification or shelving scheme Damaged status Not for loan Collection code Home library Current library Shelving location Date acquired Total Checkouts Full call number Barcode Date last seen Price effective from Koha item type
    Library of Congress Classification     SPECIAL Collection ARRUPE LIBRARY ARRUPE LIBRARY REFERENCE 06/02/2019   SPC. DS779.23 .B73 2008 46600003633 06/02/2019 06/02/2019 SPC

 

Arrupe Library. PO Box MP320 Mt Pleasant, Harare, Zimbabwe
263 242 745411|librarian@aju.ac.zw